000 00409nam a2200181Ia 4500
001 4221
005 20260306145740.0
008 260306t2008||||xx |||||||||||||| ||spa||
041 _aESP
082 _a320.011
_bF81
100 _aFraser, Nancy
_eAUT
245 0 _aEscalas de justicia
260 _c2008
300 _a294 páginas :
_c21 cm.
650 _aGEN
654 _aCDE
942 _cLIB
_dJUS
_fJUS
_2ddc
_n
999 _c4221
_d4221